Central Library OPAC University of Rajshahi

A modern history of the Middle East and North Africa / (Record no. 54434)

MARC details
000 -LEADER
fixed length control field 00717cam a2200253 a 4500
001 - CONTROL NUMBER
control field 54434
003 - CONTROL NUMBER IDENTIFIER
rucl marc code BD-RjUL
005 - DATE AND TIME OF LATEST TRANSACTION
control field 20211209080123.0
008 - FIXED-LENGTH DATA ELEMENTS--GENERAL INFORMATION
fixed length control field 161106s1970 pk c b 000 0 eng
035 ## - SYSTEM CONTROL NUMBER
System control number (OCoLC)ocm00113466
System control number (BD-RjUL)54556
040 ## - CATALOGING SOURCE
Original cataloging agency DLC
Transcribing agency DLC
Modifying agency ZCU
Language of cataloging eng
041 ## - LANGUAGE CODE
Language code of text/sound track or separate title eng
082 ## - DEWEY DECIMAL CLASSIFICATION NUMBER
Edition number 23
Classification number 956
Author mark and year IMM 1970
100 1# - MAIN ENTRY--PERSONAL NAME
Personal name Imamuddin, S. M.
9 (RLIN) 118971
245 12 - TITLE STATEMENT
Title A modern history of the Middle East and North Africa /
Statement of responsibility, etc. by S. M. Imamuddin.
250 ## - EDITION STATEMENT
Edition statement 2nd ed.
260 ## - PUBLICATION, DISTRIBUTION, ETC. (IMPRINT)
Place of publication, distribution, etc. Dacca :
Name of publisher, distributor, etc. Najmahsons,
Date of publication, distribution, etc. 1970
300 ## - PHYSICAL DESCRIPTION
Pagination x, 358 p. :
Illustrations ill. ;
Size 22 cm.
505 0# - FORMATTED CONTENTS NOTE
Formatted contents note v. 1. 1258-1939 v. 2. 1939-1961.
651 #0 - SUBJECT ADDED ENTRY--GEOGRAPHIC NAME
Geographic name Middle East
9 (RLIN) 162446
942 ## - ADDED ENTRY ELEMENTS (KOHA)
Source of classification or shelving scheme Dewey Decimal Classification
Koha item type Books
Holdings
Lost status Source of classification or shelving scheme Damaged status Not for loan Collection code Permanent Location Current Location Shelving location Date acquired Source of acquisition Cost, normal purchase price Total Checkouts Full call number Date last seen Copy number Koha item type
  Dewey Decimal Classification     Non-fiction Central Library, University of Rajshahi Central Library, University of Rajshahi   16/04/1974 Nazma Sons ltd. 30.00   956 IMM V-1 1970 06/11/2016 C-2 Books
  Dewey Decimal Classification   Not For Loan Non-fiction Central Library, University of Rajshahi Central Library, University of Rajshahi Reading Room 16/04/1974 Nazmah sonstd 30.00   956 IMM 1970 26/02/2017 C-1 Books